Location, location, location : Proceedings of the AGI conference held at Earls Court.... (Record no. 101621)

MARC details
000 -LEADER
fixed length control field 00421cam a2200133 4500
008 - FIXED-LENGTH DATA ELEMENTS--GENERAL INFORMATION
fixed length control field 010905n2001 000 0 eng u
020 ## - INTERNATIONAL STANDARD BOOK NUMBER
International Standard Book Number 1874059403
035 ## - SYSTEM CONTROL NUMBER
System control number (Sirsi) u114441
110 ## - MAIN ENTRY--CORPORATE NAME
Corporate name or jurisdiction name as entry element Association for Geographic Information
9 (RLIN) 166
245 ## - TITLE STATEMENT
Title Location, location, location : Proceedings of the AGI conference held at Earls Court....
260 ## - PUBLICATION, DISTRIBUTION, ETC.
Place of publication, distribution, etc. London
Name of publisher, distributor, etc. RICS
Date of publication, distribution, etc. 2001
520 ## - SUMMARY, ETC.
Summary, etc. Not yet published
942 ## - ADDED ENTRY ELEMENTS (KOHA)
Suppress in OPAC 0

No items available.